书目信息 |
| 题名: |
化工设备使用与维护
|
|
| 作者: | 马秉骞 主编 | |
| 分册: | ||
| 出版信息: | 北京 高等教育出版社 2013.06 |
|
| 页数: | 302页 | |
| 开本: | 26cm | |
| 丛书名: | 全国高职高专教育规划教材 | |
| 单 册: | ||
| 中图分类: | TQ050.7 | |
| 科图分类: | ||
| 主题词: | 化工设备--维修--高等职业教育--教材 , 化工设备--使用方法--高等职业教育--教材 | |
| 电子资源: | ||
| ISBN: | 978-7-04-037291-5 | |
| 000 | 01144nam0 2200277 450 | |
| 001 | 132 | |
| 005 | 20160905165612.75 | |
| 010 | @a978-7-04-037291-5@dCNY29.80 | |
| 100 | @a20130617d2013 em y0chiy50 ea | |
| 101 | 0 | @achi |
| 102 | @aCN@b110000 | |
| 105 | @aak z 000yy | |
| 200 | 1 | @a化工设备使用与维护@9hua gong she bei shi yong yu wei hu@f马秉骞主编 |
| 205 | @a2版 | |
| 210 | @a北京@c高等教育出版社@d2013.06 | |
| 215 | @a302页@c图表@d26cm | |
| 225 | 2 | @a全国高职高专教育规划教材@9quan guo gao zhi gao zhuan jiao yu gui hua jiao cai |
| 330 | @a本书主要内容包括化工设备概述、压力容器基础、换热设备的使用维护、塔类设备的使用维护、反应设备的使用维护、管式加热炉的使用维护、管线与阀门的使用维护、泵的使用维护、压缩机的使用维护、其他化工设备介绍及化工设备的运行管理等内容,教学参考学时为60学时。 | |
| 333 | @a高等院校相关专业师生及从业人员 | |
| 461 | 0 | @12001 @a全国高职高专教育规划教材 |
| 606 | 0 | @a化工设备@x维修@x高等职业教育@j教材 |
| 606 | 0 | @a化工设备@x使用方法@x高等职业教育@j教材 |
| 690 | @aTQ050.7@v4 | |
| 701 | 0 | @a马秉骞@9ma bing qian@4主编 |
| 801 | 0 | @aCN@b唐山师范学院图书馆@c20160720 |
| 905 | @aZUCC@dTQ050.7@e261=2 | |
| 化工设备使用与维护/马秉骞主编.-2版.-北京:高等教育出版社,2013.06 |
| 302页:图表;26cm.-(全国高职高专教育规划教材) |
| 使用对象:高等院校相关专业师生及从业人员 |
| ISBN 978-7-04-037291-5:CNY29.80 |
| 本书主要内容包括化工设备概述、压力容器基础、换热设备的使用维护、塔类设备的使用维护、反应设备的使用维护、管式加热炉的使用维护、管线与阀门的使用维护、泵的使用维护、压缩机的使用维护、其他化工设备介绍及化工设备的运行管理等内容,教学参考学时为60学时。 |
| ● |
| 相关链接 |
|
|
|
|
正题名:化工设备使用与维护
索取号:TQ050.7/261=2
 
预约/预借
| 序号 | 登录号 | 条形码 | 馆藏地/架位号 | 状态 | 备注 |
| 1 | 900544 | 209005440 | 第二样本阅览室/ [索取号:TQ050.7/261=2] | 在馆 | |
| 2 | 900545 | 209005459 | 密集书库-化学系/ [索取号:TQ050.7/261=2] | 在馆 | |
| 3 | 900546 | 209005468 | 第三借阅区/ [索取号:TQ050.7/261=2] | 在馆 | |
| 4 | 900547 | 209005477 | 第三借阅区/ [索取号:TQ050.7/261=2] | 在馆 |